000 00554nam a2200241Ia 4500
003 OSt
005 20220912151944.0
006 a|||||r|||| 00| 0
007 ta
008 220909b |||||||| |||| 00| 0 eng d
024 _a63906
037 _cTextual
040 _aCSL
_beng
_cCSL
041 _aeng
082 _aA, K32
100 _aMartin Charles -noel
245 0 _aRealm of science
260 _c1963
300 _ap.
_ccm.
650 _aScience
942 _hA, K32
_cTEXL
_2CC
999 _c77949
_d77949